000 00506nam a2200169Ia 4500
999 _c32169
_d32169
003 OSt
005 20200728094753.0
008 190216s9999||||xx |||||||||||||| ||und||
040 _coclc
082 _a510
_bGOY/O
100 _aGoyal, Tarun
_93797
245 0 _aObjective Mathematics For General Competitions /
_cTarun Goyal ; Neetika Goyal
260 _bArihant Prakashan,
_aMeerut:
_c2008.
300 _a800p
650 _aMathematics
942 _cBK
_2ddc
_h510
_iGOY/O
_k510
_mGOY/O